• 首页
  • 本馆介绍
  • 公告通知
  • 最新文献
  • 馆藏检索
  • 电子资源
  • 读者导购
  • 参考咨询
  • 我的图书馆
  • 登录
  • 详细信息显示
  • 放入我的书架
  • 预约/预借图书
  • 作者相关作品
  • 分类相关作品
  • 丛书相关作品
  • 出版社相关作品

书目信息

  • 表格格式
  • 工作单格式
  • 卡片格式
题名:
非线性光学和材料
    
 
作者: 舒尔茨-杜波依斯 , 阿雷克 主编 ;《激光手册》翻译组 译
分册:  
出版信息: 北京   科学出版社  1978.07
页数: 172页
开本: 19cm
丛书名: 激光手册
单 册:
中图分类: O437
科图分类:
主题词: 光学
电子资源:
ISBN:
000 00754nam0 2200229 45
001 0405201596
005 20060222090956.06
010    @dCNY0.60
100    @a20040520d1978 km y0chiy0120 ea
101 0  @achi
200 1  @a非线性光学和材料@AFei Xian Xing Guang Xue He Cai Liao@fF·T·阿雷克,E·O·舒尔茨-杜波依斯主编@FF·T·A Lei Ke,E·O·Shu Er Ci-Du Bo Yi Si Zhu Bian@g《激光手册》翻译组译
210    @a北京@c科学出版社@d1978.07
215    @a172页@d19cm
225 2  @a激光手册@h第四分册
410  0 @12001 @a激光手册
606 0  @a光学
690    @aO437@v3
701  0 @a舒尔茨-杜波依斯@4主编
701  0 @a阿雷克@4主编
712 02 @a《激光手册》翻译组@A《Ji Guang Shou Ce》Fan Yi Zu@4译
801    @aCN@bPftUser@c20060222
905    @f1@b11365@dO437@e1:4
    
    非线性光学和材料/F·T·阿雷克,E·O·舒尔茨-杜波依斯主编/《激光手册》翻译组译.-北京:科学出版社,1978.07
    172页;19cm.-(激光手册.第四分册)
    
    
    ISBN :CNY0.60
    
●
相关链接 在E读中查询图书 在五车中查询图书 在当当中查询图书 在豆瓣中查询图书


正题名:非线性光学和材料     索取号:O437/1:4         预约/预借

序号 登录号 条形码 馆藏地/架位号 状态 备注
1 0003150   001460939   第二样本阅览室/ [索取号:O437/1:4] 在馆    
2 0003151   202194696   密集书库/ [索取号:O437/1:4] 在馆    
3 0011364   202194614   密集书库/ [索取号:O437/1:4] 在馆    
4 0011365   001460797   第三借阅区/ [索取号:O437/1:4] 在馆    
5 0011366   202194730   密集书库/ [索取号:O437/1:4] 在馆    
6 0011367   202194650   密集书库/ [索取号:O437/1:4] 在馆    
7 0011368   001460804   第三借阅区/ [索取号:O437/1:4] 在馆    
唐山师范学院图书馆 欢迎您!
大连网信软件有限公司© 版权所有